[Event "Russian Championship B15 2016"]
[Site "Loo"]
[Date "2016.04.28"]
[Round "9.1"]
[White "Lomasov, Semen"]
[Black "Kalabukhov, Bogdan"]
[Result "1/2-1/2"]
[WhiteElo "2326"]
[BlackElo "2056"]
[PlyCount "81"]
[EventDate "2016.04.20"]

1. e4 c5 2. Nf3 d6 3. Bb5+ Nd7 4. O-O a6 5. Bd3 Ngf6 6. c3 e5 7. Bc2 b5 8. d4
Qc7 9. Nbd2 Be7 10. Re1 O-O 11. Nf1 Re8 12. Ng3 Bf8 13. h3 Bb7 14. d5 c4 15.
Bg5 h6 16. Be3 g6 17. Qd2 Kh7 18. Nh2 Bg7 19. Rf1 Ng8 20. Kh1 Ndf6 21. Rae1 Rf8
22. Ne2 Nd7 23. f4 exf4 24. Bxf4 Ne5 25. Nd4 Nf6 26. Nhf3 Nfd7 27. Bg3 Nc5 28.
Nxe5 dxe5 29. b4 Nd7 30. a4 Qb6 31. a5 Qd8 32. Nf3 Qe7 33. Rf2 Rae8 34. Ref1
Kg8 35. Bh4 Qd6 36. g4 Rc8 37. Qe2 Kh7 38. Nd2 f6 39. Rf3 Rf7 40. Kh2 Rcf8 41.
Bg3 1/2-1/2

[Event "Russian Championship B15 2016"]
[Site "Loo"]
[Date "2016.04.28"]
[Round "9.2"]
[White "Yeritsyan, Aram"]
[Black "Gurvich, Vitaly"]
[Result "1/2-1/2"]
[WhiteElo "2000"]
[BlackElo "2381"]
[PlyCount "84"]
[EventDate "2016.04.20"]

1. e4 c6 2. d4 d5 3. Nc3 dxe4 4. Nxe4 Bf5 5. Ng3 Bg6 6. h4 h6 7. Nf3 e6 8. h5
Bh7 9. Bd3 Bxd3 10. Qxd3 Nf6 11. Bd2 Be7 12. Ne4 O-O 13. Nxf6+ Bxf6 14. O-O-O
c5 15. dxc5 Qxd3 16. cxd3 Nc6 17. Bc3 Rfd8 18. Kc2 Rd5 19. d4 a5 20. b3 Rad8
21. a3 Kf8 22. b4 axb4 23. axb4 Ke7 24. Rd2 Nxd4+ 25. Nxd4 Bxd4 26. Bxd4 Rxd4
27. Rhd1 R4d5 28. Kc3 R8d7 29. Rxd5 exd5 30. Kd4 Kd8 31. Re1 Rc7 32. Re5 Rc6
33. Rxd5+ Kc7 34. Rf5 f6 35. Kd5 Kd7 36. b5 Re6 37. g4 Re2 38. c6+ bxc6+ 39.
bxc6+ Kc7 40. f4 Rg2 41. g5 hxg5 42. fxg5 Rxg5 1/2-1/2

[Event "Russian Championship B15 2016"]
[Site "Loo"]
[Date "2016.04.28"]
[Round "9.3"]
[White "Murtazin, Ruslan"]
[Black "Shubin, Kirill"]
[Result "0-1"]
[WhiteElo "2012"]
[BlackElo "2399"]
[PlyCount "54"]
[EventDate "2016.04.20"]

1. e4 e6 2. d4 d5 3. Nc3 Bb4 4. exd5 exd5 5. Bd3 Ne7 6. Qf3 O-O 7. Nge2 c6 8.
a3 Bd6 9. O-O Ng6 10. h3 Bc7 11. Nf4 Qd6 12. Nce2 Re8 13. g3 Qf6 14. Qh5 Nd7
15. Nxg6 hxg6 16. Qg5 Qf3 17. Bf4 Nf8 18. Bxc7 Bxh3 19. Nf4 Ne6 20. Nxh3 Nxg5
21. Nxg5 Qg4 22. Bf4 f6 23. f3 Qd7 24. Bxg6 fxg5 25. Bxg5 Qd6 26. Bxe8 Qxg3+
27. Kh1 Rxe8 0-1

[Event "Russian Championship B15 2016"]
[Site "Loo"]
[Date "2016.04.28"]
[Round "9.4"]
[White "Nuristani, Iman"]
[Black "Nesterov, Arseniy"]
[Result "0-1"]
[WhiteElo "1922"]
[BlackElo "2273"]
[PlyCount "92"]
[EventDate "2016.04.20"]

1. e4 e5 2. Nf3 Nc6 3. Nc3 Nf6 4. d4 Bb4 5. Bg5 h6 6. Bxf6 Qxf6 7. d5 Ne7 8. a3
Bxc3+ 9. bxc3 O-O 10. Be2 Qg6 11. Qd3 Qxg2 12. Rg1 Qh3 13. Nxe5 Qxh2 14. Nf3
Qf4 15. Nd2 d6 16. O-O-O c6 17. c4 cxd5 18. cxd5 Bd7 19. Rg3 Ng6 20. Rdg1 Rac8
21. Bh5 Ba4 22. c3 Qxf2 23. Bxg6 fxg6 24. Rxg6 Rf7 25. Qg3 Qd4 26. Nb1 Kh8 27.
Qh3 Bd7 28. Qg3 Qe5 29. Rxd6 Qxe4 30. Nd2 Qe7 31. Kb2 Rf6 32. Rxf6 Qxf6 33. Rf1
Qe7 34. Re1 Qc5 35. Qe5 Re8 36. Qg3 Rxe1 37. Qxe1 Qxd5 38. Qe3 Bf5 39. Nf3 Qe4
40. Qg1 Qc2+ 41. Ka1 Qxc3+ 42. Ka2 Qxf3 43. Qxa7 Be6+ 44. Kb2 Qb3+ 45. Kc1 Qc3+
46. Kd1 Bg4# 0-1

[Event "Russian Championship B15 2016"]
[Site "Loo"]
[Date "2016.04.28"]
[Round "9.5"]
[White "Talypov, Ildar"]
[Black "Mnatsakanian, Arsen"]
[Result "0-1"]
[WhiteElo "1993"]
[BlackElo "2037"]
[PlyCount "74"]
[EventDate "2016.04.20"]

1. d4 Nf6 2. c4 d6 3. Nc3 Nbd7 4. Nf3 e5 5. e4 Be7 6. h3 c6 7. Be3 O-O 8. Bd3
Qc7 9. Qd2 Rd8 10. O-O Nf8 11. Nh2 Ng6 12. f4 exf4 13. Bxf4 Nxf4 14. Qxf4 Qb6
15. Qf2 Be6 16. b3 Rf8 17. Rab1 a5 18. Rbe1 Rad8 19. Ne2 Qa7 20. Kh1 Bc8 21.
Qf3 Qb6 22. Rb1 Rde8 23. Rf2 c5 24. d5 Bd8 25. Nf1 Nd7 26. Bc2 Ne5 27. Qc3 Bh4
28. Nfg3 g6 29. Rbf1 Qd8 30. Qd2 a4 31. Qc1 Bd7 32. Qd2 b5 33. Bd3 bxc4 34.
bxc4 Qg5 35. Qxg5 Bxg5 36. Rd1 Rb8 37. Nc1 Bxc1 0-1

[Event "Russian Championship B15 2016"]
[Site "Loo"]
[Date "2016.04.28"]
[Round "9.6"]
[White "Golikov, Daniil"]
[Black "Kavyev, Ruslan"]
[Result "1-0"]
[WhiteElo "2152"]
[BlackElo "2058"]
[PlyCount "115"]
[EventDate "2016.04.20"]

1. d4 Nf6 2. c4 g6 3. Nc3 d5 4. cxd5 Nxd5 5. e4 Nxc3 6. bxc3 Bg7 7. Nf3 c5 8.
Be3 Qa5 9. Qd2 O-O 10. Rc1 Rd8 11. d5 e6 12. c4 Qxd2+ 13. Nxd2 b6 14. Be2 Na6
15. Nb1 Bb7 16. Nc3 f5 17. Bg5 Rd7 18. dxe6 Rd6 19. exf5 gxf5 20. e7 Bf6 21.
Bxf6 Rxf6 22. O-O Re8 23. Nd5 Bxd5 24. cxd5 Nc7 25. Bc4 Rd6 26. Rfe1 b5 27. Bb3
c4 28. Bd1 Nxd5 29. Bf3 Nf4 30. a4 Nd3 31. Bh5 Rg6 32. axb5 Nxc1 33. Bxg6 hxg6
34. Rxc1 Rxe7 35. f3 Rc7 36. Kf2 Kf7 37. Ke3 Ke6 38. Kd4 Rd7+ 39. Kc3 Rc7 40.
Ra1 g5 41. Ra6+ Ke5 42. Rg6 Rc5 43. Rxg5 Rxb5 44. Kxc4 Rb2 45. g4 Rxh2 46.
Rxf5+ Ke6 47. Kd3 Ra2 48. Ke3 a5 49. Kf4 a4 50. Ra5 Kf6 51. Ra6+ Kf7 52. Kg5 a3
53. f4 Kf8 54. f5 Kf7 55. Ra7+ Kf8 56. Kf6 Ke8 57. g5 Kd8 58. g6 1-0

[Event "Russian Championship B15 2016"]
[Site "Loo"]
[Date "2016.04.28"]
[Round "9.7"]
[White "Isaykin, Artem"]
[Black "Zaika, Daniil"]
[Result "1/2-1/2"]
[WhiteElo "1924"]
[BlackElo "2077"]
[PlyCount "102"]
[EventDate "2016.04.20"]

1. e4 c5 2. Nc3 e6 3. Nge2 Nc6 4. g3 d5 5. Bg2 d4 6. Nb1 Nf6 7. d3 Be7 8. f4 e5
9. h3 a6 10. a4 Rb8 11. O-O b5 12. Nd2 O-O 13. f5 Nd7 14. axb5 axb5 15. Nf3 c4
16. g4 h6 17. Ng3 cxd3 18. cxd3 b4 19. Nh5 Nf6 20. Nxf6+ Bxf6 21. Qe1 b3 22.
Bd2 Be7 23. Qg3 f6 24. h4 Nb4 25. Bxb4 Rxb4 26. Ra8 Qc7 27. g5 hxg5 28. hxg5
fxg5 29. Nxg5 Rb6 30. Nf3 Bf6 31. Rf2 Rc6 32. Ra3 Qb6 33. Nd2 Qd8 34. Nf3 Qb6
35. Bf1 Rc2 36. Nd2 Qd8 37. Rg2 Rxb2 38. Rxb3 Rxb3 39. Nxb3 Kf7 40. Nd2 Qc7 41.
Nf3 Rh8 42. Qg6+ Ke7 43. Ng5 Qc1 44. Qf7+ Kd8 45. Qd5+ Ke8 46. Nf7 Rh1+ 47.
Kxh1 Qxf1+ 48. Kh2 Qf4+ 49. Kg1 Qc1+ 50. Kh2 Qf4+ 51. Kg1 Qc1+ 1/2-1/2

[Event "Russian Championship B15 2016"]
[Site "Loo"]
[Date "2016.04.28"]
[Round "9.8"]
[White "Salemgareev, Tagir"]
[Black "Izabakarov, Kamil"]
[Result "1-0"]
[WhiteElo "2262"]
[BlackElo "1813"]
[PlyCount "47"]
[EventDate "2016.04.20"]

1. d4 Nf6 2. Nf3 d5 3. c4 e6 4. g3 Be7 5. Bg2 O-O 6. O-O b6 7. Nc3 Bb7 8. Ne5
Ne4 9. Qa4 f6 10. Nd3 Qd7 11. Qxd7 Nxd7 12. Nf4 Nxc3 13. bxc3 Bd6 14. Nxe6 Rfe8
15. cxd5 Nf8 16. Nxf8 Kxf8 17. Re1 f5 18. Bd2 Ba6 19. e3 Rad8 20. f3 Bc4 21. e4
a5 22. Bh3 fxe4 23. fxe4 a4 24. Be6 1-0

[Event "Russian Championship B15 2016"]
[Site "Loo"]
[Date "2016.04.28"]
[Round "9.9"]
[White "Bazhenov, Aleksandr"]
[Black "Bedenko, Nikita"]
[Result "1-0"]
[WhiteElo "2162"]
[BlackElo "1917"]
[PlyCount "77"]
[EventDate "2016.04.20"]

1. e4 c5 2. Nf3 Nc6 3. d4 cxd4 4. Nxd4 Qc7 5. Nc3 e6 6. Be3 a6 7. Qd2 Nf6 8. f3
b5 9. O-O-O Bb7 10. g4 b4 11. Na4 Nxd4 12. Qxd4 d5 13. Nb6 Rd8 14. e5 Nd7 15.
Nxd7 Qxd7 16. Bd3 Rc8 17. Qf4 Qa4 18. Kb1 Bc6 19. Bd4 Bb5 20. Qe3 Bxd3 21. Qxd3
Bc5 22. b3 Qc6 23. Bb2 a5 24. f4 O-O 25. Rhf1 Ra8 26. f5 Rfc8 27. g5 g6 28.
fxg6 fxg6 29. Rf6 Kg7 30. Rdf1 Rf8 31. Qh3 Be7 32. Qh6+ Kg8 33. Rxg6+ hxg6 34.
Qxg6+ Kh8 35. Qh6+ Kg8 36. Qg6+ Kh8 37. Rf6 Rac8 38. Qh5+ Kg7 39. Rg6+ 1-0

[Event "Russian Championship B15 2016"]
[Site "Loo"]
[Date "2016.04.28"]
[Round "9.10"]
[White "Remizov, Yaroslav"]
[Black "Shemyakin, Valeriy"]
[Result "1-0"]
[WhiteElo "2124"]
[BlackElo "2077"]
[PlyCount "91"]
[EventDate "2016.04.20"]

1. e4 d5 2. exd5 Qxd5 3. Nc3 Qa5 4. d4 Nf6 5. Nf3 c6 6. Bc4 Bg4 7. Bd2 Qc7 8.
h3 Bxf3 9. Qxf3 e6 10. O-O-O Nbd7 11. g4 Nb6 12. Bf4 Bd6 13. Bxd6 Qxd6 14. Bb3
Qc7 15. g5 Nfd5 16. Bxd5 Nxd5 17. Nxd5 cxd5 18. Rd3 Rc8 19. Rc3 Qd8 20. Rxc8
Qxc8 21. Qa3 a6 22. Qd6 Qd8 23. Qe5 O-O 24. h4 Qe7 25. Re1 Re8 26. f4 f6 27.
gxf6 gxf6 28. Qh5 f5 29. c4 Rc8 30. c5 b6 31. b4 a5 32. Qe2 Kf7 33. Kb1 bxc5
34. bxc5 Rb8+ 35. Ka1 Qf6 36. Qh5+ Kf8 37. Rd1 Rb4 38. Qg5 Kf7 39. a3 Rb3 40.
Ka2 Qxg5 41. hxg5 Rf3 42. Rh1 Rxf4 43. c6 Rf2+ 44. Kb1 Rf3 45. Kb2 a4 46. c7
1-0

[Event "Russian Championship B15 2016"]
[Site "Loo"]
[Date "2016.04.28"]
[Round "9.11"]
[White "Osipov, Daniil"]
[Black "Pavlov, Danila"]
[Result "0-1"]
[WhiteElo "2068"]
[BlackElo "2094"]
[PlyCount "100"]
[EventDate "2016.04.20"]

1. e4 e6 2. d4 d5 3. Nc3 Nf6 4. e5 Nfd7 5. Nf3 c5 6. dxc5 Nc6 7. Bf4 Be7 8. h4
Nxc5 9. a3 a6 10. h5 Nd7 11. h6 g5 12. Bg3 g4 13. Nh2 Qb6 14. Nxg4 Qxb2 15. Na4
Qd4 16. Qxd4 Nxd4 17. Bd3 b5 18. Nc3 Nc5 19. Kf1 Nxd3 20. cxd3 Bd7 21. Bh4 Rc8
22. Ne2 Nc2 23. Ra2 b4 24. axb4 Nxb4 25. Ra3 Bb5 26. Bxe7 Kxe7 27. Rh3 Nc6 28.
f4 Nb8 29. Nd4 Nd7 30. Nxb5 axb5 31. Ra7 Ra8 32. Rxa8 Rxa8 33. Ke2 Ra2+ 34. Kf3
Rd2 35. Nf2 Nc5 36. Ke3 Rb2 37. Rh1 b4 38. Rc1 d4+ 39. Kf3 Rxf2+ 40. Kg3 Nxd3
41. Rc7+ Ke8 42. Rc8+ Ke7 43. Rc7+ Ke8 44. Rc8+ Kd7 45. Rh8 Rxf4 46. Rxh7 Rf5
47. Rg7 Nxe5 48. Kh4 Rf1 49. h7 Rh1+ 50. Kg5 d3 0-1

[Event "Russian Championship B15 2016"]
[Site "Loo"]
[Date "2016.04.28"]
[Round "9.12"]
[White "Sakulo, Denis"]
[Black "Shchukin, Maksim"]
[Result "1-0"]
[WhiteElo "2085"]
[BlackElo "1891"]
[PlyCount "73"]
[EventDate "2016.04.20"]

1. d4 d5 2. c4 c6 3. Nc3 Nf6 4. e3 e6 5. Nf3 Nbd7 6. Bd3 dxc4 7. Bxc4 b5 8. Bd3
b4 9. Ne4 Nxe4 10. Bxe4 Bb7 11. O-O Be7 12. Qc2 Qc7 13. Bd2 a5 14. Rfc1 c5 15.
a3 b3 16. Qd3 Bxe4 17. Qxe4 O-O 18. Qd3 a4 19. Bb4 Qa7 20. dxc5 Nxc5 21. Qd4
Rac8 22. e4 Rfd8 23. Qe3 Qd7 24. h3 Nb7 25. Ne5 Qb5 26. Bxe7 Qxe5 27. Bxd8 Rxd8
28. Rc3 h6 29. Rac1 Rd4 30. f3 f5 31. Rc7 Nd6 32. R7c5 Rd5 33. Rxd5 exd5 34.
Qc3 Qg3 35. exd5 f4 36. Qe5 Qg6 37. Qe6+ 1-0

[Event "Russian Championship B15 2016"]
[Site "Loo"]
[Date "2016.04.28"]
[Round "9.13"]
[White "Ivanov, Daniil"]
[Black "Rysakov, Anton"]
[Result "1-0"]
[WhiteElo "1975"]
[BlackElo "1979"]
[PlyCount "79"]
[EventDate "2016.04.20"]

1. e4 e6 2. Nf3 d5 3. Nc3 d4 4. Ne2 c5 5. c3 dxc3 6. Nxc3 Nc6 7. Bb5 a6 8.
Bxc6+ bxc6 9. O-O Nf6 10. Qc2 Be7 11. Na4 Qa5 12. b3 Qb4 13. d3 O-O 14. Be3 Nd7
15. Rac1 Qa3 16. Bd2 Bf6 17. Qb1 Rb8 18. Rc4 Nb6 19. Bc1 Nxc4 20. Bxa3 Nxa3 21.
Qc1 Nb5 22. Qxc5 Rd8 23. e5 Rd5 24. Qe3 Be7 25. Rc1 Bb7 26. Nc5 Bc8 27. h3 h6
28. Ne4 Bb7 29. a4 Nc7 30. Qa7 Rdd8 31. Nd6 Bxd6 32. exd6 Ne8 33. d7 Nd6 34.
Ne5 Ra8 35. Qc5 Nf5 36. g4 Nh4 37. Qe7 f6 38. Qxe6+ Kh7 39. Nf7 Nf3+ 40. Kf1
1-0

[Event "Russian Championship B15 2016"]
[Site "Loo"]
[Date "2016.04.28"]
[Round "9.14"]
[White "Babanin, Gleb"]
[Black "Geshko, Aleksey"]
[Result "1-0"]
[WhiteElo "1992"]
[BlackElo "2179"]
[PlyCount "103"]
[EventDate "2016.04.20"]

1. e4 c5 2. Nf3 d6 3. d4 cxd4 4. Nxd4 Nf6 5. Nc3 a6 6. f3 e5 7. Nb3 Be6 8. Be3
h5 9. Qd2 Nbd7 10. Nd5 Bxd5 11. exd5 Qc7 12. c4 g6 13. Rc1 b6 14. Be2 Bg7 15.
O-O O-O 16. h3 Ne8 17. Rc2 f5 18. Rb1 Nef6 19. Bf2 Kh7 20. Qe1 Nxd5 21. Rd1 Nf4
22. Bf1 Nc5 23. Nc1 a5 24. Qd2 Rad8 25. Be3 Nfe6 26. Ne2 f4 27. Bxc5 dxc5 28.
Qc1 e4 29. fxe4 f3 30. gxf3 Bh6 31. Qb1 Ng5 32. f4 Nf3+ 33. Kh1 Bxf4 34. Rxd8
Be3 35. Ng1 Qxd8 36. Nxf3 Rxf3 37. Bg2 Rg3 38. Qe1 Qh4 39. Qf1 Kg7 40. Rc3 Bf4
41. Rf3 Rxf3 42. Qxf3 Qe1+ 43. Bf1 Qd2 44. Qe2 Qd4 45. Bg2 Kf6 46. e5+ Bxe5 47.
Bd5 Qxb2 48. Qf3+ Kg5 49. Qe3+ Bf4 50. Qe7+ Qf6 51. h4+ Kf5 52. Be4+ 1-0

[Event "Russian Championship B15 2016"]
[Site "Loo"]
[Date "2016.04.28"]
[Round "9.15"]
[White "Gasanov, Zaur"]
[Black "Peisakhov, Imanuil"]
[Result "1-0"]
[WhiteElo "2148"]
[BlackElo "1866"]
[PlyCount "81"]
[EventDate "2016.04.20"]

1. d4 Nf6 2. g3 e6 3. Bg2 d5 4. Nf3 Be7 5. O-O O-O 6. c4 c6 7. Nbd2 b6 8. Qc2
Bb7 9. e4 dxe4 10. Nxe4 Nxe4 11. Qxe4 Nd7 12. Rd1 Rc8 13. Be3 Qc7 14. Bf4 Bd6
15. Bxd6 Qxd6 16. Ne5 Qc7 17. c5 Nf6 18. Qe2 bxc5 19. dxc5 Nd5 20. Be4 f6 21.
Nc4 Ba6 22. Bxd5 exd5 23. Qe6+ Kh8 24. Nd6 Rb8 25. Rab1 Bc8 26. Qe3 Bg4 27. Rd4
Bh5 28. b4 a5 29. a3 axb4 30. axb4 Bg6 31. Re1 Ra8 32. f4 f5 33. Qe7 Qxe7 34.
Rxe7 Ra1+ 35. Kf2 Ra2+ 36. Re2 Rxe2+ 37. Kxe2 Be8 38. Rd3 Bh5+ 39. Kd2 Rb8 40.
b5 Be8 41. b6 1-0

[Event "Russian Championship B15 2016"]
[Site "Loo"]
[Date "2016.04.28"]
[Round "9.16"]
[White "Moiseev, Danila"]
[Black "Korolev, Kirill"]
[Result "1-0"]
[WhiteElo "2135"]
[BlackElo "1994"]
[PlyCount "59"]
[EventDate "2016.04.20"]

1. e4 Nf6 2. e5 Nd5 3. Nf3 d6 4. Bc4 Nb6 5. Bb3 Bf5 6. d4 e6 7. Bg5 Be7 8. Bxe7
Qxe7 9. c3 Nc6 10. Qe2 Bg4 11. exd6 cxd6 12. Bc2 Rc8 13. Bd3 O-O 14. O-O e5 15.
dxe5 dxe5 16. h3 Bh5 17. Bf5 Rce8 18. Re1 Nd5 19. Bxh7+ Kxh7 20. Qe4+ f5 21.
Qxd5 e4 22. Nd4 Ne5 23. Nd2 Qg5 24. Ne6 Rxe6 25. Qxe6 Re8 26. Qd5 Nd3 27. Nxe4
Rxe4 28. Rxe4 Bf3 29. Rh4+ Qxh4 30. Qxf5+ 1-0

[Event "Russian Championship B15 2016"]
[Site "Loo"]
[Date "2016.04.28"]
[Round "9.17"]
[White "Levdansky, Alexey"]
[Black "Shirshov, Nikolay"]
[Result "1-0"]
[WhiteElo "1962"]
[BlackElo "2002"]
[PlyCount "87"]
[EventDate "2016.04.20"]

1. d4 Nf6 2. c4 g6 3. Nf3 Bg7 4. g3 O-O 5. Bg2 c5 6. Nc3 cxd4 7. Nxd4 Nc6 8.
O-O Ng4 9. e3 Nxd4 10. exd4 d6 11. Re1 Rb8 12. Nd5 Re8 13. h3 Nf6 14. Bg5 Nxd5
15. Bxd5 Qc7 16. c5 e6 17. cxd6 Qxd6 18. Bf4 Qxd5 19. Bxb8 Bd7 20. Be5 Bc6 21.
f3 f6 22. Bf4 Qh5 23. Kg2 g5 24. g4 Qg6 25. Bg3 h5 26. Rc1 hxg4 27. hxg4 f5 28.
Qd3 Rd8 29. Be5 Bxe5 30. Rxe5 Qf6 31. Qe3 Kf7 32. gxf5 exf5 33. Rcc5 Bd7 34.
Qb3+ Kf8 35. Qxb7 g4 36. fxg4 fxg4 37. Qe4 Kg7 38. Rg5+ Kh6 39. Rh5+ Kg7 40.
Rcg5+ Kf7 41. Rf5 Bxf5 42. Rxf5 Rxd4 43. Rxf6+ Kxf6 44. Qxd4+ 1-0

[Event "Russian Championship B15 2016"]
[Site "Loo"]
[Date "2016.04.28"]
[Round "9.18"]
[White "Shoboev, Dandar"]
[Black "Pesotskiy, Mikhail"]
[Result "1-0"]
[WhiteElo "1846"]
[BlackElo "2152"]
[PlyCount "75"]
[EventDate "2016.04.20"]

1. d4 Nf6 2. c4 e5 3. dxe5 Ng4 4. e3 Nxe5 5. Nh3 Bc5 6. Nc3 O-O 7. Be2 d6 8.
Nf4 a5 9. O-O Nbc6 10. b3 f5 11. Bb2 Bd7 12. Ncd5 Kh8 13. Qd2 Ne7 14. Rad1 Nxd5
15. Nxd5 Bc6 16. Qc3 Bxd5 17. Rxd5 Bb4 18. Qc2 Qe7 19. a3 Bc5 20. Qc3 Nd7 21.
b4 axb4 22. axb4 Ba7 23. Rfd1 Nf6 24. Ra5 f4 25. Rda1 fxe3 26. f3 Nh5 27. Rxa7
Rae8 28. R7a5 Nf4 29. Re1 b6 30. Rb5 c6 31. Rxb6 Qg5 32. g3 Nxe2+ 33. Rxe2 Rxf3
34. Rb7 Rf6 35. Qe1 Rg6 36. Rxe3 Qxg3+ 37. hxg3 Rxg3+ 38. Qxg3 1-0

[Event "Russian Championship B15 2016"]
[Site "Loo"]
[Date "2016.04.28"]
[Round "9.19"]
[White "Koren, Vladimir"]
[Black "Shinkevich, Maksim"]
[Result "0-1"]
[WhiteElo "1826"]
[BlackElo "1997"]
[PlyCount "120"]
[EventDate "2016.04.20"]

1. e4 c5 2. c3 d5 3. exd5 Qxd5 4. d4 Nf6 5. Nf3 Bg4 6. Be2 e6 7. O-O Nc6 8. Be3
cxd4 9. Nxd4 Bxe2 10. Qxe2 Nxd4 11. Bxd4 Be7 12. Rd1 Qc6 13. Nd2 O-O 14. Nf3
Rfd8 15. Ne5 Qe4 16. Qxe4 Nxe4 17. f3 Nc5 18. f4 f6 19. Nf3 Kf7 20. Kf2 Ne4+
21. Ke3 Nd6 22. Ke2 b6 23. a4 Rac8 24. a5 Nb5 25. Be3 Rxd1 26. Kxd1 Nd6 27. Nd2
Nf5 28. Bf2 Bc5 29. Bxc5 Rxc5 30. axb6 axb6 31. Ke2 h6 32. Ra7+ Kf8 33. c4 Nd6
34. b4 Rc6 35. Kd3 g5 36. fxg5 hxg5 37. Ra6 Nf7 38. c5 Ne5+ 39. Kc2 bxc5 40.
Rxc6 Nxc6 41. bxc5 f5 42. Kc3 Ke7 43. Kc4 Kd7 44. Nf3 g4 45. Nd4 Ne7 46. Kb5 e5
47. Ne2 Nd5 48. Ng3 Ne3 49. Kb6 Nd5+ 50. Kb7 Ne7 51. Nh5 Ke6 52. c6 f4 53. c7
Kf7 54. Kb6 Kg6 55. Kc5 Kxh5 56. Kc4 Kh4 57. Kd3 g3 58. h3 f3 59. Ke4 fxg2 60.
Kxe5 g1=Q 0-1

[Event "Russian Championship B15 2016"]
[Site "Loo"]
[Date "2016.04.28"]
[Round "9.20"]
[White "Akhtariev, Andrey"]
[Black "Danilchenko, Dmitrij"]
[Result "1-0"]
[WhiteElo "1927"]
[BlackElo "1815"]
[PlyCount "85"]
[EventDate "2016.04.20"]

1. e4 c5 2. Nf3 e6 3. d4 cxd4 4. Nxd4 Nf6 5. Nc3 d6 6. Be2 Be7 7. O-O O-O 8. f4
Nc6 9. Be3 Qc7 10. Kh1 a6 11. g4 Nxd4 12. Bxd4 e5 13. Be3 exf4 14. Bxf4 Be6 15.
g5 Nd7 16. Qe1 Nb6 17. Qh4 Rfd8 18. Rf3 Qc6 19. Re1 Rac8 20. Bd3 g6 21. Kg2 Nc4
22. Nd5 Bxd5 23. exd5 Qd7 24. b3 Nb6 25. c4 h5 26. Be3 Bf8 27. Bxb6 Re8 28.
Rfe3 Rxe3 29. Rxe3 Re8 30. Rxe8 Qxe8 31. Qe4 Qd7 32. Bd4 Bg7 33. Bxg7 Kxg7 34.
Qd4+ Kh7 35. h3 Qe8 36. Qe4 Qd8 37. Qf4 Kg8 38. Qf6 Qa5 39. Qf2 Qc3 40. Qe2 Qd4
41. Be4 Qe5 42. h4 Qf4 43. Kh3 1-0

[Event "Russian Championship B15 2016"]
[Site "Loo"]
[Date "2016.04.28"]
[Round "9.21"]
[White "Brin, Ilya"]
[Black "Novikov, Kirill"]
[Result "1/2-1/2"]
[WhiteElo "1862"]
[BlackElo "1814"]
[PlyCount "85"]
[EventDate "2016.04.20"]

1. e4 c5 2. Nc3 d6 3. f4 Nf6 4. Nf3 e6 5. Bb5+ Bd7 6. Bxd7+ Qxd7 7. O-O Nc6 8.
d3 Be7 9. Qe1 O-O 10. e5 Nd5 11. Ne4 Ndb4 12. Qg3 f5 13. exf6 Bxf6 14. Nxf6+
Rxf6 15. Rf2 Raf8 16. Ng5 Rg6 17. Qh3 Rxg5 18. fxg5 Rxf2 19. Kxf2 Nxc2 20. Rb1
Qf7+ 21. Kg1 g6 22. Bd2 N6d4 23. Qg4 Qf5 24. Qxf5 gxf5 25. b4 b6 26. bxc5 dxc5
27. Kf2 Nc6 28. a4 Ne5 29. a5 Nxd3+ 30. Ke2 Ndb4 31. axb6 axb6 32. Kd1 b5 33.
Rb2 Nd4 34. Bxb4 cxb4 35. Rxb4 e5 36. Kd2 Kf7 37. Kd3 Kg6 38. h4 Kh5 39. g3 Kg4
40. Rxd4+ exd4 41. Kxd4 f4 42. gxf4 Kxf4 43. Kc5 1/2-1/2

[Event "Russian Championship B15 2016"]
[Site "Loo"]
[Date "2016.04.28"]
[Round "9.22"]
[White "Zakharov, Nikita"]
[Black "Khroni, Nikita"]
[Result "1/2-1/2"]
[WhiteElo "1940"]
[BlackElo "1688"]
[PlyCount "94"]
[EventDate "2016.04.20"]

1. Nf3 Nf6 2. g3 g6 3. b3 Bg7 4. Bb2 O-O 5. Bg2 d6 6. d3 Nc6 7. c4 e5 8. Nc3
Bd7 9. e4 Nh5 10. O-O Qc8 11. Nd5 f5 12. Rc1 fxe4 13. dxe4 Nf6 14. Ne1 Nxd5 15.
Qxd5+ Be6 16. Qd3 Bh6 17. Rd1 Rf7 18. Nc2 Qf8 19. Ne3 Nb4 20. Qc3 c5 21. a3 Nc6
22. Nd5 Nd4 23. Qd3 Bg4 24. Rde1 Nf3+ 25. Bxf3 Rxf3 26. Qd1 Bh3 27. Ne7+ Qxe7
28. Qxf3 Rf8 29. Qd3 Qf7 30. f4 Bxf1 31. Rxf1 exf4 32. Qxd6 Re8 33. e5 b6 34.
Bc1 Bf8 35. Qc6 Rxe5 36. Bxf4 Rf5 37. Re1 g5 38. Bc1 g4 39. Bf4 Rf6 40. Qc8 h5
41. Re5 Qh7 42. Qe8 Qb1+ 43. Re1 Qf5 44. Qe5 Qg6 45. Qd5+ Qf7 46. Qg5+ Bg7 47.
Re5 Qd7 1/2-1/2

[Event "Russian Championship B15 2016"]
[Site "Loo"]
[Date "2016.04.28"]
[Round "9.23"]
[White "Shidlovskiy, Artemiy"]
[Black "Saratovskiy, Dmitiy"]
[Result "0-1"]
[WhiteElo "1879"]
[BlackElo "1938"]
[PlyCount "86"]
[EventDate "2016.04.20"]

1. d4 f5 2. Nf3 Nf6 3. g3 g6 4. Bg2 Bg7 5. O-O O-O 6. b3 d6 7. Bb2 Qe8 8. c4
Nbd7 9. Nc3 c6 10. Re1 e5 11. dxe5 dxe5 12. Ba3 c5 13. e4 Qe7 14. Bh3 fxe4 15.
Nxe4 Nxe4 16. Rxe4 Nb6 17. Bxc8 Raxc8 18. Qe2 Nd7 19. Bb2 Rce8 20. Re1 Qf7 21.
Kg2 b6 22. Ng5 Qf5 23. f4 h6 24. Nf3 g5 25. fxe5 Re6 26. g4 Qf7 27. h4 gxh4 28.
Nxh4 Rfe8 29. Rf1 Qe7 30. Nf5 Qg5 31. Nxg7 Qxg7 32. Rf5 Nf8 33. Rf6 Qxf6 34.
exf6 Rxe4 35. Qf3 Kf7 36. Bc1 Ng6 37. Kg3 h5 38. g5 Rg4+ 39. Kf2 Ree4 40. Qf5
Rgf4+ 41. Bxf4 Rxf4+ 42. Qxf4 Nxf4 43. Kf3 Ne6 0-1

[Event "Russian Championship B15 2016"]
[Site "Loo"]
[Date "2016.04.28"]
[Round "9.24"]
[White "Timoshkin, Aleksandr"]
[Black "Tyapkin, Petr"]
[Result "0-1"]
[WhiteElo "1758"]
[BlackElo "1962"]
[PlyCount "164"]
[EventDate "2016.04.20"]

1. d4 Nf6 2. Nf3 g6 3. Bg5 Bg7 4. Nbd2 O-O 5. e3 d6 6. Bd3 Qe8 7. O-O e5 8. c3
h6 9. Bxf6 Bxf6 10. d5 Bg7 11. e4 f5 12. Re1 f4 13. Nb3 g5 14. Nfd2 g4 15. f3
h5 16. Be2 Qg6 17. Bf1 Nd7 18. c4 b6 19. a4 a5 20. Nc1 Bf6 21. Nd3 Bh4 22. Re2
Nf6 23. Ne1 Bd7 24. Ra3 Kf7 25. Kh1 Rg8 26. Qb1 Ra7 27. Qd1 Ke7 28. Qb1 Bg5 29.
Qd1 Rh8 30. Qb1 Bh4 31. Qd1 Rg8 32. Qb1 Bxe1 33. Qxe1 gxf3 34. Nxf3 Bg4 35. h3
Bxf3 36. Rxf3 Nd7 37. b3 Nc5 38. Qb1 Qg5 39. Qc2 Qh4 40. Rd2 Qe1 41. Re2 Qh4
42. Rd2 Rg7 43. Be2 Ra8 44. Rf1 Rg3 45. Bf3 Rag8 46. Rg1 Rxf3 47. gxf3 Qxh3+
48. Rh2 Qxf3+ 49. Rhg2 Nxe4 50. Kh2 Rg3 51. Re1 Rxg2+ 52. Qxg2 Qxg2+ 53. Kxg2
Nd2 54. Rh1 Nxb3 55. Rxh5 Nd2 56. Rh7+ Kd8 57. Rh8+ Kd7 58. Rh7+ Kc8 59. Kf2
Nxc4 60. Kf3 Nb2 61. Rh2 Nxa4 62. Ra2 Nc5 63. Ra3 Kb7 64. Ra1 Ka6 65. Rh1 b5
66. Rh7 Kb7 67. Rh1 b4 68. Ke2 e4 69. Rh4 f3+ 70. Ke3 Kb6 71. Rh8 Kb7 72. Rh4
a4 73. Rh2 b3 74. Kd4 a3 75. Kc3 a2 76. Rh1 Kb6 77. Re1 f2 78. Rc1 e3 79. Kb4
e2 80. Ka3 e1=Q 81. Rc3 a1=Q+ 82. Kb4 Qexc3# 0-1